<?xml version="1.0" encoding="UTF-8"?>
<collection xmlns="http://www.loc.gov/MARC21/slim">
  <record>
    <leader>00000nam  2200000   4500</leader>
    <controlfield tag="001">INLIS000000000014635</controlfield>
    <controlfield tag="005">20220924083105</controlfield>
    <datafield tag="035" ind1="#" ind2="#">
      <subfield code="a">0010-0922001397</subfield>
    </datafield>
    <datafield tag="245" ind1="1" ind2="#">
      <subfield code="a">''SI IRAMA'' Sistem Informasi Integrasi  Pelaporan Data Kesehatan Masyarakat Dinas Kesehatan Kota Samarinda /</subfield>
      <subfield code="c">dr. Hj. Irama Fitamina Madjid</subfield>
    </datafield>
    <datafield tag="100" ind1="1" ind2="#">
      <subfield code="a">MADJID, Irama Fitamina</subfield>
    </datafield>
    <datafield tag="250" ind1="#" ind2="#">
      <subfield code="a">1</subfield>
    </datafield>
    <datafield tag="300" ind1="#" ind2="#">
      <subfield code="a">31 halaman ; lampiran :</subfield>
      <subfield code="b">ilustrasi ;</subfield>
      <subfield code="c">30 cm</subfield>
    </datafield>
    <datafield tag="260" ind1="#" ind2="#">
      <subfield code="a">Samarinda :</subfield>
      <subfield code="b">Puslatbang KDOD,</subfield>
      <subfield code="c">2021</subfield>
    </datafield>
    <datafield tag="084" ind1="#" ind2="#">
      <subfield code="a">PKA 096 2021</subfield>
    </datafield>
    <datafield tag="650" ind1="#" ind2="4">
      <subfield code="a">Proyek Perubahan</subfield>
    </datafield>
    <datafield tag="650" ind1="#" ind2="4">
      <subfield code="a">Administrator</subfield>
    </datafield>
    <datafield tag="650" ind1="#" ind2="4">
      <subfield code="a">sistem informasi</subfield>
    </datafield>
    <datafield tag="650" ind1="#" ind2="4">
      <subfield code="a">teknologi informasi</subfield>
    </datafield>
    <datafield tag="650" ind1="#" ind2="4">
      <subfield code="a">manajemen database</subfield>
    </datafield>
    <datafield tag="650" ind1="#" ind2="4">
      <subfield code="a">inovasi kesehatan</subfield>
    </datafield>
    <datafield tag="650" ind1="#" ind2="4">
      <subfield code="a">data kesehatan</subfield>
    </datafield>
    <datafield tag="650" ind1="#" ind2="4">
      <subfield code="a">layanan informasi</subfield>
    </datafield>
    <datafield tag="520" ind1="#" ind2="#">
      <subfield code="a">Laporan proyek perubahan ini menjelaskan masalah perlunya pelaporan, validasi, dan kompilasi data dan informasi kesehatan, masih terdapat pengiriman berkas secara manual, pelaporan masih manual, penyimpanan file maporan tidak terpusat, dan tertundanya pengambil keputusan oleh pimpinan. Inovasi Sistem Informasi Integrasi Pelaporan Data Kesehatan Masyarakat ( SI IRAMA) adalah aplikasi online berbasis web yang mengkomputerisasi  pelaporan data kesehatan masyarakat dari Puskesmas kepada Dinas Kesehatan. SI IRAMA menghimpun dan integrasikan Laporan Derajat Kesehatan, Upaya Kesehatan, Sumber Daya Kesehatan dan Standart Pelayanan Minimal (SPM) dari puskesmas ke masing-masing bidang yang ada di Dinas Kesehatan Kota Samarinda untuk menjadi satu kesatuan Bank Data Dinas Kesehatan Kota Samarinda.</subfield>
    </datafield>
    <datafield tag="500" ind1="#" ind2="#">
      <subfield code="a">Coach : M. Harry Rahmadi&#13;
Penguji : Dr. Rahmat, MA&#13;
Mentor : Dr.H. Ismid Kusasih</subfield>
    </datafield>
    <datafield tag="990" ind1="#" ind2="#">
      <subfield code="a">PKA/096/2021</subfield>
    </datafield>
  </record>
</collection>
